000
00176nam a2200073Ia 4500
008
170817s9999 xx 000 0 und d
100
_a
Singh.Pritam
245
0
_a
School Based Assessment
260
_b
Shipra Pub
999
_c
38989
_d
38989